Mass Effect Trivia - Statistics

General Stats
  • This quiz has been taken 947 times
  • The average score is 5 of 15
Answer Stats
Hint Answer % Correct
Homeworld of Humans Earth
100%
Clan Wrex is part of Urdnot
56%
Quarian homeworld Rannoch
53%
First planet visited in Mass Effect Eden Prime
52%
Oldest Reaper Harbinger
51%
Turian homeworld Palaven
50%
Krogan Homeworld Tuchanka
50%
Queen of Omega Aria T'Loak
44%
Player Character Commander Shepard
44%
Real name of The Illusive Man Jack Harper
24%
Option to hug Tali Paragon Interrupt
8%
Omni blade stab Kai Leng option Renegade Interrupt
8%
Use the words "Hold the line" a lot Captain/Major Kirrahe
4%
drunk rhino handling M-35 Mako
4%
Shipname is the Qwib-Qwib Admerial Zaal'Koris
0%
No matching quizzes found
Score Distribution
Percent of People with Each Score
Percentile by Number Answered
Your Score History
You have not taken this quiz